000 00305nam a22001337a 4500
008 181105b xxu||||| |||| 00| 0 eng d
020 _a9780618122066
041 _aeng
080 _24th
_a101
100 _a24
101 _aFIL
245 _aBecoming a Critical Thinker
_cRuggiero,V.R
942 _2udc
_cBK
999 _c51836
_d51836